Деньги, кредит, банки: учебник и практикум для академического бакалавриата

Detalhes bibliográficos
Autor Corporativo: Финансовый университет при Правительстве Российской Федерации
Outros Autores: Мартыненко Н. Н. Надежда Николаевна (редактор), Соколов Ю. А. Юрий Анатольевич
Resumo:В учебнике рассматриваются сущность денег, их функции и эволюция видов, основные составляющие денежного обращения и денежного оборота. Дается характеристика денежной системы, содержания и видов инфляции, раскрываются особенности ее проявления в современных российских условиях. Рассматриваются методы стабилизации денежного обращения. Определяется место криптовалют в системе современных платежей и расчетов.Уделяется внимание международным валютно-кредитным отношениям, класси­фикации и содержательной стороне кредитов и рынка ссудных капиталов. На при­мере российских и зарубежных банков раскрывается современный механизм креди­тования.Объективные причины и условия развития центральных и коммерческих бан­ков иллюстрируются новейшими данными из российской и зарубежной практики. Отдельные главы посвящены деятельности уполномоченных банков с государствен­ным участием и международных банков.Соответствует актуальным требованиям Федерального государственного образо­вательного стандарта высшего образования.Для студентов вузов, обучающихся по экономическим специальностям, а также для тех, кто стремится получить практические навыки работы с деньгами, кредитом, ценными бумагами, валютой в любой экономической области.
Idioma:russo
Publicado em: Москва, Юрайт, 2015
Colecção:Бакалавр. Академический курс
Assuntos:
Formato: Livro
KOHA link:https://koha.lib.tpu.ru/cgi-bin/koha/opac-detail.pl?biblionumber=291429

MARC

LEADER 00000nam0a2200000 4500
001 291429
005 20231102000404.0
010 |a 9785991651141 
035 |a (RuTPU)RU\TPU\book\315997 
090 |a 291429 
100 |a 20150414d2015 m y0rusy50 ca 
101 0 |a rus 
102 |a RU 
105 |a y j 001zy 
200 1 |a Деньги, кредит, банки  |e учебник и практикум для академического бакалавриата  |f Финансовый университет при Правительстве Российской Федерации ; под ред. Н. Н. Мартыненко, Ю. А. Соколова 
210 |a Москва  |c Юрайт  |d 2015 
215 |a 369 с. 
225 1 |a Бакалавр. Академический курс 
320 |a Библиогр.: с. 367-369. 
330 |a В учебнике рассматриваются сущность денег, их функции и эволюция видов, основные составляющие денежного обращения и денежного оборота. Дается характеристика денежной системы, содержания и видов инфляции, раскрываются особенности ее проявления в современных российских условиях. Рассматриваются методы стабилизации денежного обращения. Определяется место криптовалют в системе современных платежей и расчетов.Уделяется внимание международным валютно-кредитным отношениям, класси­фикации и содержательной стороне кредитов и рынка ссудных капиталов. На при­мере российских и зарубежных банков раскрывается современный механизм креди­тования.Объективные причины и условия развития центральных и коммерческих бан­ков иллюстрируются новейшими данными из российской и зарубежной практики. Отдельные главы посвящены деятельности уполномоченных банков с государствен­ным участием и международных банков.Соответствует актуальным требованиям Федерального государственного образо­вательного стандарта высшего образования.Для студентов вузов, обучающихся по экономическим специальностям, а также для тех, кто стремится получить практические навыки работы с деньгами, кредитом, ценными бумагами, валютой в любой экономической области. 
606 1 |a Финансы  |x Экономика  |y Россия  |2 stltpush  |3 (RuTPU)RU\TPU\subj\67534  |9 83291 
610 1 |a деньги 
610 1 |a кредит 
610 1 |a банки 
610 1 |a денежное обращение 
610 1 |a денежная система 
610 1 |a инфляция 
610 1 |a стабилизация 
610 1 |a валютная система 
610 1 |a валютный курс 
610 1 |a платежные балансы 
610 1 |a ссудный капитал 
610 1 |a банковская система 
610 1 |a центральные банки 
610 1 |a коммерческие банки 
610 1 |a международные банки 
610 1 |a специализированные банки 
610 1 |a Уполномоченные банки 
610 1 |a учебники 
610 1 |a практикумы 
686 |a У9(2)26я73  |v LBC/SL-A  |2 rubbk 
702 1 |a Мартыненко  |b Н. Н.  |g Надежда Николаевна  |4 340 
702 1 |a Соколов  |b Ю. А.  |g Юрий Анатольевич  |4 340 
712 0 2 |a Финансовый университет при Правительстве Российской Федерации  |c (Москва)  |c (2010- )  |2 stltpush  |3 (RuTPU)RU\TPU\col\17114  |9 26530 
801 1 |a RU  |b 63413507  |c 20150414 
801 2 |a RU  |b 63413507  |c 20150617  |g RCR 
900 |a Деньги, кредит, банки 
942 |c BK 
951 |l 8.1 
959 |a 6/20150130  |d 3  |e 629,00  |f ЧЗГЛ:1  |f УФ:2